Reforma y modernizacion del español : ensayo de sociolingüistica historica /

Guardado en:
Autor Principal: Marcos Marin, Francisco
Formato: Libro
Publicado: Madrid : Catedra, 1979
Materias:
Etiquetas: Agregar Etiqueta
Sin Etiquetas, Sea el primero en etiquetar este registro!
LEADER 00526nam a22001575a 4500
001 EHU.bham005521
003 AR-BHAM
005 20081022155147.0
008 130507s1979##################000#0#####d
082 4 6 |a 467.9 
100 1 |a Marcos Marin, Francisco 
245 1 0 |a Reforma y modernizacion del español :  |b ensayo de sociolingüistica historica /  |c Francisco Marcos Marin. 
260 |a Madrid :  |b Catedra,  |c 1979 
300 |a 149 p. 
653 |a Castellano-dialectos-historia 
859 |a AR-BHAM  |b BIB. HUMANIDADES - General  |h 467.9  |i M333  |p 74.90  |t Ej.1